Musical Instructions or Cheeses? Quiz Stats

 Plays Quiz Updated Mar 1, 2018

Also try: Chess or Cheese?
Challenge
Share
Tweet
Embed
Score 0/15 Timer 02:00
4 Plays Today
% Correct
Arpeggiato
89.6%
Legato
84.3%
Staccato
83.6%
Energico
83.6%
Gustoso
78.8%
Forza
76.1%
Dolce
69.5%
Pat├Ętico
66%
% Correct
Brio
65.5%
Strepitoso
60.3%
Dolente
59%
Tacet
57.6%
Rilassato
57.5%
Mancando
56.8%
Lontano
49.5%

You're not logged in!

Compare scores with friends on all Sporcle quizzes.
OR
Log In

You Might Also Like...

Show Comments

Extras

Top Quizzes Today


Score Distribution

Your Account Isn't Verified!

In order to create a playlist on Sporcle, you need to verify the email address you used during registration. Go to your Sporcle Settings to finish the process.

Report this User

Report this user for behavior that violates our Community Guidelines.

Details: